000 00658nam a22002057a 4500
005 20130923120526.0
010 _aENG-108102
020 _c150.00
_a9789380695242
035 _aEN-91635
037 _bDBAD/PUB
082 _a181.45
100 _aTirtha, Swami Bhoomananda
245 _aEssential concepts in Bhagavadgita :
_cby Swami Bhoomananda Tirtha
_bbased on chapter 18 of Bhagavadgita /
250 _avol. 6
260 _aKerala
_bNarayanashrama Tapovanam
_c2012
270 _aVenginissery, P.O. Ammandam Thrissur
_bKerala
_e680563
300 _axix,210p.
_c22cm(pbk)
500 _aIncludes index
942 _2ddc
_cEN
_mTIR
_h181.45
999 _c77812
_d77812